Biblioteca

Saber Leer / Instituto Cervantes , coordinado por Giovanni Parodi (Registro nro. 44865)

Detalles MARC
000 -LÍDER
Campo fijo de descripción fija 009190000a22002170004500
020 ## - NÚMERO INTERNACIONAL NORMALIZADO PARA LIBROS
Número Internacional Normalizado del libro 978-958-704-965-7
041 0# - CÓDIGO DE IDIOMA
Código de idioma para texto/pista de sonido o título separado
082 04 - NÚMERO DE CLASIFICACIÓN DECIMAL DEWEY
Número de clasificación G 410 L5974s
001 - NÚMERO DE CONTROL
Campo de control 18429
110 1# - ASIENTO PRINCIPAL--NOMBRE CORPORATIVO
Nombre corporativo o de jurisdicción como elemento de entrada Instituto Cervantes
245 10 - TÍTULO
Título del Material Saber Leer / Instituto Cervantes , coordinado por Giovanni Parodi
260 ## - PUBLICACIÓN, DISTRIBUCIÓN, ETC. (PIE DE IMPRENTA)
Lugar de publicación, distribución, etc. Buenos Aires : Alfaguara
300 ## - DESCRIPCIÓN FÍSICA
Extensión 223 página
336 ## - CONTENT TYPE
Content type term texto
Content type code txt
Source rdacontent
337 ## - MEDIA TYPE
Source rdamedia
Media type term sin mediación
Media type code n
338 ## - CARRIER TYPE
Source rdacarrier
Carrier type term volumen
Carrier type code nc
501 ## - NOTA DE “CON”
Nota de Contenido rústico
505 00 - NOTA DE CONTENIDO
Nota de contenido con formato preestablecido Introducción -- ¿Qué es saber leer? -- El texto escrito como objeto de la lectura: características, conocimientos implicados y estrategias asociadas -- Estrategias que nos ayudan a comprender lo que leemos -- Leer y aprender apatir de los textos escritos -- Leer en la universidad y en el mundo profesional
650 14 - ASIENTO SECUNDARIO DE MATERIA - TERMINO TEMÁTICO
Término temático o nombre geográfico como elemento de entrada LECTURA \ COMUNICACION ORAL \ PALABRA (LINGUISTICA) \ LINGUISTICA
942 ## - TIPO DE MATERIAL (KOHA)
Tipo de Item KOHA Libros General
Existencias
Estado de Material Estado de Perdido Estado de Dañado No para Préstamo Colección Tomo Biblioteca de Origen Biblioteca Permanente Fecha de Adquisición Total de Préstamos Total de Renovaciones Signatura Topográfica Código de Barras Última vez visto Última vez Préstado Ejemplar/Existencia Fecha de Remplazo Tipo de Material
        Colección General   Biblioteca FUSBC Biblioteca FUSBC 06/06/2014 3 4 G 410 L5974s 18419 16/11/2024 16/10/2024 1 26/01/2016 Libros General

Biblioteca FUSBC | Teléfono: (57+4) 349 88 10 Ext. 141| WhatsApp (+57) 3005338115 
E-mail: biblioteca@unisbc.edu.co | Calle 76 87-14 Robledo Palenque, Medellín, Colombia

Con tecnología Koha